[Event "TCh-FRA Top 12 2015"]
[Site "Montpellier FRA"]
[Date "2015.06.02"]
[Round "4.5"]
[Board "7"]
[White "Flear, Glenn C"]
[Black "Bergez, Luc"]
[Result "1/2-1/2"]
[WhiteTitle "GM"]
[BlackTitle "IM"]
[WhiteElo "2460"]
[BlackElo "2327"]
[WhiteTeam "MONTPELLIER"]
[BlackTeam "EVRY GRAND ROQUE"]
[WhiteFideId "400165"]
[BlackFideId "606600"]
[EventDate "2015.05.30"]

1. d4 Nf6 2. c4 c5 3. d5 b5 4. cxb5 a6 5. bxa6 g6 6. Nc3 Bxa6 7. e4 Bxf1 8. Kxf1
d6 9. Nf3 Nbd7 10. g3 Bg7 11. Kg2 O-O 12. a4 Ra6 13. Qc2 Qa8 14. Nb5 Rc8 15. Re1
Nb6 16. Nc3 Nfd7 17. Bg5 Bxc3 18. Qxc3 f6 19. a5 fxg5 20. axb6 Rxa1 21. b7 Qxb7
22. Rxa1 g4 23. Nd2 Nf6 24. Ra5 Rb8 25. b3 Qb4 26. Qxb4 Rxb4 27. Ra4 Rb7 28. Kf1
Nd7 29. Ke2 Ne5 30. Ke3 Nf3 31. h4 Nxd2 32. Kxd2 Rxb3 33. Ra7 Kf8 34. Rc7 Rf3
35. Ke2 Rc3 36. Kd2 Rc4 37. Kd3 Rd4+ 38. Ke3 Kf7 39. e5 Ke8 40. exd6 exd6 41.
Rxh7 Rxd5 42. Rg7 c4 43. Rxg6 c3 44. Rg8+ Kd7 45. Rg7+ Kc6 46. Rg8 Kc7 47. Rg7+
Kc6 48. Ke4 1/2-1/2

[Event "TCh-FRA Top 12 2015"]
[Site "Montpellier FRA"]
[Date "2015.06.02"]
[Round "4.5"]
[Board "8"]
[White "Leroy, Didier"]
[Black "Collas, Silvia"]
[Result "1-0"]
[WhiteTitle "IM"]
[BlackTitle "IM"]
[WhiteElo "2277"]
[BlackElo "2306"]
[WhiteTeam "EVRY GRAND ROQUE"]
[BlackTeam "MONTPELLIER"]
[WhiteFideId "610950"]
[BlackFideId "2902265"]
[EventDate "2015.05.30"]

1. d4 Nf6 2. c4 e6 3. g3 c5 4. d5 exd5 5. cxd5 g6 6. Nc3 d6 7. Nf3 Bg7 8. Bg2
O-O 9. O-O Re8 10. Nd2 a6 11. a4 Nbd7 12. h3 Nh5 13. Kh2 f5 14. f4 Rb8 15. e4
Ndf6 16. a5 h6 17. Ra3 b5 18. axb6 Rxb6 19. e5 dxe5 20. fxe5 Nxg3 21. Kxg3 Nh5+
22. Kf2 Bxe5 23. Nf3 Bg3+ 24. Kg1 Nf4 25. Ra4 Qd6 26. Kh1 g5 27. Bxf4 Bxf4 28.
Nd2 Rb4 29. Nc4 Qg6 30. d6 Rd8 31. Nd5 Bxd6 32. Nxb4 1-0

[Event "TCh-FRA Top 12 2015"]
[Site "Montpellier FRA"]
[Date "2015.06.02"]
[Round "4.6"]
[Board "1"]
[White "Svetushkin, Dmitry"]
[Black "Jakovenko, Dmitry"]
[Result "1/2-1/2"]
[WhiteTitle "GM"]
[BlackTitle "GM"]
[WhiteElo "2591"]
[BlackElo "2738"]
[WhiteTeam "METZ FISCHER"]
[BlackTeam "CLICHY-ECHECS-92"]
[WhiteFideId "13900463"]
[BlackFideId "4122356"]
[EventDate "2015.05.30"]

1. e4 e5 2. Nf3 Nc6 3. Bc4 Bc5 4. c3 Nf6 5. d4 exd4 6. e5 d5 7. Bb5 Ne4 8. cxd4
Bb6 9. Nc3 O-O 10. Be3 Bg4 11. h3 Bh5 12. O-O Kh8 13. Be2 f6 14. exf6 Rxf6 15.
Ne5 Bxe2 16. Nxe2 Qe7 17. Nxc6 Rxc6 18. Nf4 Rd8 19. Nd3 Re6 20. Ne5 Rf8 21. Rc1
Nd6 22. Rc3 Nf5 23. Rd3 c6 24. Qa4 Kg8 25. Rfd1 Qh4 26. Nf3 Qh5 27. Bf4 Nh4 28.
Nxh4 Rxf4 29. Nf3 Rfe4 30. Qc2 h6 31. b4 Qe8 32. a4 a6 33. Kf1 g5 34. Qb3 h5 35.
Qc3 Qe7 36. Nxg5 Bxd4 37. Rxd4 Rxd4 38. Qxd4 Qxg5 39. b5 1/2-1/2

[Event "TCh-FRA Top 12 2015"]
[Site "Montpellier FRA"]
[Date "2015.06.02"]
[Round "4.6"]
[Board "2"]
[White "So, Wesley"]
[Black "Iordachescu, Viorel"]
[Result "1/2-1/2"]
[WhiteTitle "GM"]
[BlackTitle "GM"]
[WhiteElo "2778"]
[BlackElo "2588"]
[WhiteTeam "CLICHY-ECHECS-92"]
[BlackTeam "METZ FISCHER"]
[WhiteFideId "5202213"]
[BlackFideId "13900200"]
[EventDate "2015.05.30"]

1. e4 e5 2. Nf3 Nf6 3. Nxe5 d6 4. Nf3 Nxe4 5. Nc3 Nxc3 6. dxc3 Be7 7. Be3 O-O 8.
Qd2 Nd7 9. O-O-O c6 10. Bd3 Ne5 11. Nxe5 dxe5 12. Qe2 Qa5 13. Kb1 Be6 14. c4
Rae8 15. Rhe1 Bb4 16. c3 Be7 17. Bc1 Rd8 18. Bc2 Rxd1 19. Rxd1 Rd8 20. Re1 Bf6
21. a4 Qc7 22. h4 Qd7 23. Rd1 Qc8 24. Rxd8+ Qxd8 25. h5 Qd7 26. f3 Qd6 27. g4 g6
28. Be3 a6 29. a5 Qd8 30. Bb6 Qd6 31. Be3 Qd8 32. Bb6 Qd6 33. hxg6 hxg6 34. Be3
Qd8 35. Bb6 Qd6 36. Bd3 Bg5 37. Kc2 Kg7 38. b4 Bf4 39. Bc5 Qd8 40. Bb6 Qd6 41.
Bc5 Qd8 42. Bb6 Qd6 43. Bc5 1/2-1/2

[Event "TCh-FRA Top 12 2015"]
[Site "Montpellier FRA"]
[Date "2015.06.02"]
[Round "4.6"]
[Board "3"]
[White "Riazantsev, Alexander"]
[Black "Fressinet, Laurent"]
[Result "1/2-1/2"]
[WhiteTitle "GM"]
[BlackTitle "GM"]
[WhiteElo "2671"]
[BlackElo "2712"]
[WhiteTeam "METZ FISCHER"]
[BlackTeam "CLICHY-ECHECS-92"]
[WhiteFideId "4125029"]
[BlackFideId "608742"]
[EventDate "2015.05.30"]

1. d4 Nf6 2. c4 e6 3. Nf3 d5 4. Nc3 c6 5. Bg5 Nbd7 6. cxd5 exd5 7. e3 Be7 8. Bd3
Ne4 9. Bxe7 Qxe7 10. Qc2 Ndf6 11. O-O O-O 12. Ne5 Nxc3 13. bxc3 c5 14. Qb2 Be6
15. Rfb1 cxd4 16. cxd4 Rac8 17. a4 Ne4 18. Rc1 1/2-1/2

[Event "TCh-FRA Top 12 2015"]
[Site "Montpellier FRA"]
[Date "2015.06.02"]
[Round "4.6"]
[Board "4"]
[White "Matlakov, Maxim"]
[Black "Terrieux, Kevin"]
[Result "1-0"]
[WhiteTitle "GM"]
[BlackTitle "IM"]
[WhiteElo "2694"]
[BlackElo "2439"]
[WhiteTeam "CLICHY-ECHECS-92"]
[BlackTeam "METZ FISCHER"]
[WhiteFideId "4168003"]
[BlackFideId "622591"]
[EventDate "2015.05.30"]

1. d4 Nf6 2. Nf3 e6 3. c4 d5 4. Bg5 Be7 5. Nc3 O-O 6. e3 h6 7. Bh4 b6 8. Be2 Bb7
9. Bxf6 Bxf6 10. cxd5 exd5 11. O-O Nd7 12. Qb3 c6 13. Rad1 Be7 14. Bd3 Nf6 15.
Ne5 Bd6 16. f4 c5 17. Bf5 c4 18. Qc2 a6 19. g4 b5 20. Qg2 b4 21. Ne2 g6 22. g5
hxg5 23. Qxg5 Bxe5 24. dxe5 Ne4 25. Qg2 Qb6 26. Nd4 Bc8 27. e6 Kg7 28. Bxe4 dxe4
29. f5 1-0

[Event "TCh-FRA Top 12 2015"]
[Site "Montpellier FRA"]
[Date "2015.06.02"]
[Round "4.6"]
[Board "5"]
[White "Pucher, Sebastien"]
[Black "Vachier-Lagrave, Maxime"]
[Result "0-1"]
[WhiteTitle "FM"]
[BlackTitle "GM"]
[WhiteElo "2298"]
[BlackElo "2754"]
[WhiteTeam "METZ FISCHER"]
[BlackTeam "CLICHY-ECHECS-92"]
[WhiteFideId "627232"]
[BlackFideId "623539"]
[EventDate "2015.05.30"]

1. d4 Nf6 2. c4 g6 3. f3 c5 4. d5 d6 5. e4 e6 6. Bg5 Bg7 7. Qd2 O-O 8. Nc3 exd5
9. cxd5 a6 10. Nge2 b5 11. Ng3 Nbd7 12. Be2 Qc7 13. O-O Bb7 14. Bh6 c4 15. Bxg7
Kxg7 16. b4 cxb3 17. axb3 h5 18. Nh1 Rac8 19. Rfc1 Qb6+ 20. Nf2 Rc7 21. Nd1 Rfc8
22. Rxc7 Qxc7 23. Nd3 Qb6+ 24. N3f2 Qc5 25. Kf1 Ne5 26. Qb2 Kg8 27. Nd3 Nxd3 28.
Bxd3 Nd7 29. b4 Qb6 30. Rc1 Rxc1 31. Qxc1 a5 32. bxa5 Qxa5 33. Qb2 Ba6 34. Ne3
Nc5 35. Be2 b4 36. Kf2 Bxe2 37. Qxe2 b3 38. Nc4 Qc3 0-1

[Event "TCh-FRA Top 12 2015"]
[Site "Montpellier FRA"]
[Date "2015.06.02"]
[Round "4.6"]
[Board "6"]
[White "Hamdouchi, Hicham"]
[Black "Taddei, Benoit"]
[Result "1-0"]
[WhiteTitle "GM"]
[BlackTitle "FM"]
[WhiteElo "2608"]
[BlackElo "2354"]
[WhiteTeam "CLICHY-ECHECS-92"]
[BlackTeam "METZ FISCHER"]
[WhiteFideId "9000011"]
[BlackFideId "610151"]
[EventDate "2015.05.30"]

1. e4 c5 2. Nf3 d6 3. d4 cxd4 4. Qxd4 Nf6 5. Bb5+ Bd7 6. c4 g6 7. Nc3 Bg7 8. O-O
O-O 9. Qd3 Bg4 10. Bg5 a6 11. Ba4 Nbd7 12. Bxd7 Nxd7 13. Nd5 f6 14. Bd2 Rc8 15.
Nd4 Nc5 16. Qe3 Bd7 17. b4 Ne6 18. Nxe6 Bxe6 19. Rac1 Bf7 20. a4 Bxd5 21. exd5
Qd7 22. a5 Rfe8 23. Rfe1 Kf7 24. Qd3 Rc7 25. Be3 Rcc8 26. Bb6 Bf8 27. c5 dxc5
28. bxc5 Kg7 29. Qc4 e6 30. dxe6 Qc6 31. h4 Re7 32. Rcd1 Ree8 33. Rd7+ Be7 34.
h5 Kh8 35. Qf4 g5 36. Qf5 Kg8 37. h6 Qa4 38. Re3 Qh4 39. Rh3 Qf4 40. Qxf4 gxf4
41. Rh4 Bf8 42. Rg4+ Kh8 43. Rxf4 Rxe6 44. Rxb7 Re1+ 45. Kh2 Re7 46. Rxe7 Bxe7
47. Re4 Bf8 48. Re6 Bxh6 49. Rxf6 Kg7 50. Rd6 Bg5 51. Rd7+ Kg6 52. g3 h5 53. Kg2
Bf6 54. Ra7 Kf5 55. Rxa6 h4 56. gxh4 Bxh4 57. Ra7 Ke4 58. Rh7 Bf6 59. a6 Kd5 60.
a7 1-0

[Event "TCh-FRA Top 12 2015"]
[Site "Montpellier FRA"]
[Date "2015.06.02"]
[Round "4.6"]
[Board "7"]
[White "Monpeurt, Cyrielle"]
[Black "Delorme, Axel"]
[Result "0-1"]
[WhiteTitle "WFM"]
[BlackTitle "IM"]
[WhiteElo "2163"]
[BlackElo "2497"]
[WhiteTeam "METZ FISCHER"]
[BlackTeam "CLICHY-ECHECS-92"]
[WhiteFideId "677400"]
[BlackFideId "632023"]
[EventDate "2015.05.30"]

1. e4 e5 2. Nf3 Nc6 3. Bb5 a6 4. Ba4 g6 5. Nc3 Bg7 6. O-O Nge7 7. d3 b5 8. Bb3
Na5 9. Bg5 f6 10. Be3 Bb7 11. Qd2 Nxb3 12. axb3 O-O 13. Bh6 c5 14. Bxg7 Kxg7 15.
Qe3 d6 16. Nd2 d5 17. exd5 Nxd5 18. Nxd5 Qxd5 19. Qe4 Qd7 20. Qe3 Qc6 21. Qe4
Qc7 22. Qe3 g5 23. Ne4 Rac8 24. Rfe1 h6 25. Ng3 Qd7 26. Ne4 Qc6 27. f3 f5 28.
Nd2 Rfe8 29. Qf2 Re6 30. Re2 Rce8 31. Rae1 Qd5 32. Kh1 Kg6 33. Kg1 R8e7 34. h3
Rc7 35. Qg3 Qd4+ 36. Kh1 Kf6 37. Qf2 h5 38. Kh2 h4 39. Kh1 Kg6 40. f4 gxf4 41.
Nf3 Qxf2 42. Rxf2 Bxf3 43. gxf3 Kf6 44. Rg2 Rg7 45. Rxg7 Kxg7 46. Kg2 Rg6+ 47.
Kf2 Kf6 48. Ra1 Ke7 49. Ra5 Rg3 50. Rxa6 Rxh3 51. Rh6 Rh2+ 52. Kf1 Rxc2 53. Rxh4
Rxb2 54. Rh7+ Ke6 55. Rc7 Kd6 0-1

[Event "TCh-FRA Top 12 2015"]
[Site "Montpellier FRA"]
[Date "2015.06.02"]
[Round "4.6"]
[Board "8"]
[White "Skripchenko, Almira"]
[Black "Benmesbah, Natacha"]
[Result "1-0"]
[WhiteTitle "IM"]
[BlackTitle "WIM"]
[WhiteElo "2421"]
[BlackElo "2199"]
[WhiteTeam "CLICHY-ECHECS-92"]
[BlackTeam "METZ FISCHER"]
[WhiteFideId "13900145"]
[BlackFideId "642002"]
[EventDate "2015.05.30"]

1. e4 c5 2. c3 d5 3. exd5 Qxd5 4. d4 Nc6 5. Nf3 Bf5 6. Be3 cxd4 7. Nxd4 O-O-O 8.
Qa4 Bd7 9. Nd2 Nxd4 10. Qxd4 Qxd4 11. Bxd4 Kb8 12. O-O-O f6 13. Nc4 Nh6 14. Nb6
Bf5 15. Be5+ fxe5 16. Rxd8+ Kc7 17. Rxf8 Rxf8 18. Nd5+ Kd6 19. Ne3 Be6 20. Bc4
Bxc4 21. Nxc4+ Kd5 22. Ne3+ Ke4 23. Re1 Kf4 24. f3 Rd8 25. Nc4 Nf7 26. a4 Rc8
27. Ne3 Rd8 28. Nc4 Rc8 29. Re4+ Kf5 30. h4 Kf6 31. Ne3 Rd8 32. Kc2 h5 33. Rc4
Rd7 34. a5 g5 35. hxg5+ Kxg5 36. g3 e6 37. Rc8 Kf6 38. Nc4 Ke7 39. Rg8 Kf6 40.
Nd2 Nd6 41. Ne4+ Nxe4 42. fxe4 Rh7 43. Kd3 Ke7 44. Kc4 Kd6 45. Kb5 h4 46. gxh4
Rxh4 47. Rg7 Rxe4 48. Rxb7 Re2 49. b4 e4 50. Rxa7 e3 51. Rh7 Rf2 52. Rh3 e2 53.
Rd3+ Kc7 54. Re3 e5 55. Kc4 e4 56. Kd4 1-0

[Event "TCh-FRA Top 12 2015"]
[Site "Montpellier FRA"]
[Date "2015.06.03"]
[Round "5.1"]
[Board "2"]
[White "Doettling, Fabian"]
[Black "Miton, Kamil"]
[Result "1/2-1/2"]
[WhiteTitle "GM"]
[BlackTitle "GM"]
[WhiteElo "2588"]
[BlackElo "2606"]
[WhiteTeam "C.E. STRASBOURG"]
[BlackTeam "C-E BOIS-COLOMBES"]
[WhiteFideId "4627253"]
[BlackFideId "1111914"]
[EventDate "2015.05.30"]

1. d4 Nf6 2. Nf3 e6 3. c4 Bb4+ 4. Nbd2 b6 5. a3 Bxd2+ 6. Bxd2 Bb7 7. Bg5 d6 8.
e3 Nbd7 9. Bh4 h6 10. Nd2 Qe7 11. f3 e5 12. d5 g5 13. Bf2 e4 14. Qc2 c5 15. Nxe4
Nxe4 16. Qxe4 Qxe4 17. fxe4 Ke7 18. Bg3 f6 19. Be2 h5 20. h4 Rag8 21. Kf2 g4 22.
Rhf1 Ne5 23. a4 a5 24. Bxe5 fxe5 25. g3 Rf8+ 26. Kg2 Rxf1 27. Rxf1 Bc8 28. b3
Rf8 29. Rxf8 Kxf8 1/2-1/2

[Event "TCh-FRA Top 12 2015"]
[Site "Montpellier FRA"]
[Date "2015.06.03"]
[Round "5.1"]
[Board "3"]
[White "Ipatov, Alexander"]
[Black "Nataf, Igor-Alexandre"]
[Result "1/2-1/2"]
[WhiteTitle "GM"]
[BlackTitle "GM"]
[WhiteElo "2612"]
[BlackElo "2534"]
[WhiteTeam "C-E BOIS-COLOMBES"]
[BlackTeam "C.E. STRASBOURG"]
[WhiteFideId "14116731"]
[BlackFideId "605492"]
[EventDate "2015.05.30"]

1. c4 Nf6 2. g3 g6 3. Bg2 Bg7 4. Nc3 O-O 5. Nf3 c6 6. d4 d5 7. cxd5 cxd5 8. O-O
Ne4 9. Nd2 Nxd2 10. Bxd2 e6 11. e3 Nc6 12. Rc1 Bd7 13. h4 h5 14. Re1 Rc8 15. Na4
b6 16. Nc3 Na5 17. b3 Bc6 18. Qe2 Qd7 19. g4 Qe7 20. gxh5 Qxh4 21. hxg6 fxg6 22.
Nd1 Nb7 23. Bb4 Rf7 24. a4 Bf8 25. Bxf8 Rfxf8 26. Nb2 Nd6 27. Nd3 Ne4 28. Rc2
Bb7 29. Rxc8 Bxc8 30. b4 Bd7 31. b5 g5 32. Rc1 g4 33. Ne5 g3 34. f4 Be8 35. Qg4+
Qxg4 36. Nxg4 Bh5 37. Ne5 Nf2 38. Rc7 Nd1 39. Bh3 Nxe3 40. Bxe6+ Kh8 41. Rc3 Nf5
42. Bxf5 Rxf5 43. Rxg3 Rxf4 44. Rh3 Rxd4 45. Rxh5+ Kg7 46. Nc6 Rxa4 47. Nb8 Rd4
48. Kf2 Kf6 49. Ke3 Re4+ 50. Kd3 Ke6 51. Rh6+ Kf5 52. Rh7 Ra4 53. Kc3 Rc4+ 54.
Kb3 Rc5 55. Ka4 Rc4+ 56. Ka3 Rc5 57. Nc6 Kg6 58. Rxa7 Rxb5 59. Rd7 Rc5 60. Ne7+
Kf6 61. Nxd5+ Ke6 62. Nxb6 Rb5 63. Rh7 Kd6 64. Nc4+ Kc5 65. Nd2 Rb8 66. Nb3+ Kc4
67. Rh4+ Kc3 68. Nc5 Kd2 69. Rc4 Ke3 70. Nb3 Kd3 71. Rc7 Rh8 72. Nc1+ Kd4 73.
Kb3 Rb8+ 74. Kc2 Rh8 75. Ne2+ Kd5 76. Rg7 Rh2 77. Kd3 Rh3+ 78. Ng3 Ke5 79. Ke3
Kd5 80. Rg4 Ke5 81. Kd3 Rh8 82. Nf1 Rd8+ 83. Ke3 Ra8 84. Rg5+ Kf6 85. Rb5 Ra3+
86. Ke2 Ke6 87. Ne3 Ra2+ 88. Kd3 Ra3+ 89. Kd4 Ra4+ 90. Nc4 Kf6 91. Rc5 Ra1 92.
Rc6+ Kf5 93. Ne3+ Kg5 94. Rc8 Kf6 95. Nd5+ Ke6 96. Re8+ Kd6 97. Ne3 Rh1 98. Nc4+
Kd7 99. Re2 Rh4+ 100. Kd5 Rh1 101. Ne5+ Ke7 102. Nc6+ Kf6 103. Rf2+ Kg5 104. Nd4
Ra1 105. Ne6+ Kg4 106. Rf4+ 1/2-1/2

[Event "TCh-FRA Top 12 2015"]
[Site "Montpellier FRA"]
[Date "2015.06.03"]
[Round "5.1"]
[Board "4"]
[White "Sebag, Marie"]
[Black "Cornette, Matthieu"]
[Result "0-1"]
[WhiteTitle "GM"]
[BlackTitle "GM"]
[WhiteElo "2483"]
[BlackElo "2590"]
[WhiteTeam "C.E. STRASBOURG"]
[BlackTeam "C-E BOIS-COLOMBES"]
[WhiteFideId "617822"]
[BlackFideId "620084"]
[EventDate "2015.05.30"]

1. e4 e5 2. Nf3 Nc6 3. Bb5 Nge7 4. O-O g6 5. c3 a6 6. Bc4 Bg7 7. d4 exd4 8. cxd4
O-O 9. d5 Na5 10. Bd3 d6 11. Qe1 b6 12. Nc3 Nb7 13. Be3 Nc5 14. Bc2 f5 15. Bd4
fxe4 16. Bxe4 a5 17. Bxg7 Kxg7 18. Qd2 Ng8 19. Nd4 Qf6 20. Rfe1 Bd7 21. Ne6+
Bxe6 22. dxe6 Nxe4 23. Nxe4 Qe7 24. Rac1 Nf6 25. Rc6 Kg8 26. Nc3 Ng4 27. f4 Rf5
28. h3 Nf6 29. g4 Rc5 30. g5 Nh5 31. Nd5 Rxd5 32. Qxd5 Nxf4 33. Qe4 Qxg5+ 34.
Kh2 Re8 35. Rxc7 Qh4 36. Rc3 Qf2+ 37. Kh1 d5 38. Rc2 dxe4 39. Rxf2 Nd3 40. Rfe2
Nxe1 41. Rxe1 Rxe6 42. Kg2 Kf7 43. Kf2 Kf6 44. Ke3 Ke5 45. Rg1 Rf6 46. Ke2 Rf3
47. Rg5+ Kd4 48. Rb5 Rxh3 49. Rxb6 Rh2+ 50. Kd1 g5 51. a4 g4 52. Ke1 Rh1+ 53.
Kf2 e3+ 54. Ke2 Rh2+ 55. Kf1 g3 56. Re6 Rf2+ 0-1

[Event "TCh-FRA Top 12 2015"]
[Site "Montpellier FRA"]
[Date "2015.06.03"]
[Round "5.1"]
[Board "5"]
[White "Bauer, Christian"]
[Black "Sanikidze, Tornike"]
[Result "0-1"]
[WhiteTitle "GM"]
[BlackTitle "GM"]
[WhiteElo "2624"]
[BlackElo "2515"]
[WhiteTeam "C-E BOIS-COLOMBES"]
[BlackTeam "C.E. STRASBOURG"]
[WhiteFideId "603767"]
[BlackFideId "13602608"]
[EventDate "2015.05.30"]

1. e4 e5 2. Nf3 Nc6 3. Nc3 Nf6 4. Bb5 Bb4 5. O-O O-O 6. d3 d6 7. Ne2 Ne7 8. c3
Ba5 9. Ng3 c6 10. Ba4 Bc7 11. Re1 Ng6 12. d4 Re8 13. Bc2 h6 14. h3 Be6 15. Be3
d5 16. Nxe5 Nxe5 17. dxe5 Nxe4 18. Nxe4 dxe4 19. Bd4 Bd5 20. Bxe4 Bxe4 21. Rxe4
Qd5 22. Qf3 Bxe5 23. Rae1 f6 24. a4 Re7 25. Bxe5 fxe5 26. Qe2 Rd8 27. g3 Qb3 28.
h4 Kh8 29. h5 Rf8 30. f4 Ref7 31. Rb4 Qe6 32. Kg2 Qd5+ 33. Qf3 Qd6 34. Rd1 Qc7
35. Rf1 exf4 36. Rxf4 Rxf4 37. gxf4 Qa5 38. b3 Qf5 39. Kg3 Qc2 40. c4 Rd8 41.
Re1 a5 42. Re3 Rd1 43. Qe4 Qxe4 44. Rxe4 Rd3+ 45. Kg4 Rxb3 46. Re8+ Kh7 47. f5
Rb1 48. Rb8 Rb4 49. f6 gxf6 50. Kf5 Kg7 51. c5 Rb1 52. Ke6 Re1+ 53. Kd6 Rb1 54.
Ke6 Re1+ 55. Kd6 Rb1 56. Ke6 Rb4 57. Kf5 Rb2 58. Ke6 Re2+ 59. Kd6 Rb2 60. Ke6
Rb1 61. Rc8 Re1+ 62. Kd6 f5 63. Rc7+ Kf6 64. Rxb7 Re6+ 65. Kd7 f4 66. Rb8 Kf5
67. Rb3 Rf6 68. Ke7 Ke5 69. Rb1 Rf5 70. Kd7 Kd5 0-1

[Event "TCh-FRA Top 12 2015"]
[Site "Montpellier FRA"]
[Date "2015.06.03"]
[Round "5.1"]
[Board "6"]
[White "Vaisser, Anatoly"]
[Black "Shoker, Samy"]
[Result "1/2-1/2"]
[WhiteTitle "GM"]
[BlackTitle "GM"]
[WhiteElo "2530"]
[BlackElo "2484"]
[WhiteTeam "C.E. STRASBOURG"]
[BlackTeam "C-E BOIS-COLOMBES"]
[WhiteFideId "603252"]
[BlackFideId "627143"]
[EventDate "2015.05.30"]

1. d4 Nf6 2. c4 d6 3. Nc3 e5 4. d5 Bf5 5. g3 h5 6. h3 Na6 7. Bg2 Nc5 8. b4 Nce4
9. Qd3 Nxc3 10. Qxf5 a5 11. bxa5 Na4 12. Bd2 Nc5 13. Qc2 g6 14. h4 Bh6 15. Bb4
O-O 16. Rb1 e4 17. Bxc5 dxc5 18. Bxe4 Nxe4 19. Qxe4 Rxa5 20. Rxb7 Rxa2 21. Kf1
Re8 22. Qb1 Ra4 23. Qb3 Ra1+ 24. Kg2 Qe7 25. Qd3 Ra2 26. Qb1 Rd2 27. Rb3 Rd4 28.
Rc3 Bg7 29. Qc2 Re4 30. Rb3 Qd7 31. Rb5 Qg4 32. e3 Rxc4 33. Qe2 Qe4+ 34. Qf3 Qd3
35. Rb7 Be5 36. Nh3 Bd6 37. Ng5 Qf5 38. Rd1 Rc2 39. Qxf5 gxf5 40. Kf3 Ra8 41.
Nh3 Raa2 42. Rbb1 Kg7 43. Rbc1 Rcb2 44. Rb1 Re2 45. Ra1 Rab2 1/2-1/2

[Event "TCh-FRA Top 12 2015"]
[Site "Montpellier FRA"]
[Date "2015.06.03"]
[Round "5.1"]
[Board "7"]
[White "Maze, Sebastien"]
[Black "Heinz, Timothee"]
[Result "1-0"]
[WhiteTitle "GM"]
[BlackTitle "FM"]
[WhiteElo "2572"]
[BlackElo "2350"]
[WhiteTeam "C-E BOIS-COLOMBES"]
[BlackTeam "C.E. STRASBOURG"]
[WhiteFideId "613762"]
[BlackFideId "623369"]
[EventDate "2015.05.30"]

1. e4 e6 2. d4 d5 3. Nc3 Nf6 4. Bg5 dxe4 5. Nxe4 Nbd7 6. Nf3 h6 7. Nxf6+ Nxf6 8.
Be3 Bd6 9. Bd3 Bd7 10. c3 Bc6 11. Qe2 Bxf3 12. Qxf3 c6 13. O-O Qa5 14. g3 Qh5
15. Qxh5 Nxh5 16. f4 g6 17. c4 Nf6 18. Kg2 h5 19. h3 a6 20. Bd2 O-O-O 21. Bc3
Bf8 22. Rad1 Bg7 23. Bc2 Ne8 24. Rd2 Nc7 25. Rfd1 Rd7 26. Be4 Rhd8 27. Bf3 Rh8
28. g4 hxg4 29. hxg4 Rhd8 30. Kg3 Bf8 31. Ba5 Bd6 32. g5 Be7 33. d5 cxd5 34.
cxd5 Bc5 35. dxe6 Rxd2 36. Rxd2 Rxd2 37. Bxd2 Nxe6 38. Bd5 Bd6 39. Kg4 Nd8 40.
a4 b6 41. b4 Bc7 42. a5 bxa5 43. bxa5 Bd6 44. Bc4 Kb7 45. Kf3 Ne6 46. Ke4 Kc6
47. f5 Nc5+ 48. Kd4 gxf5 49. Bxf7 Kd7 50. g6 Ne6+ 51. Kd5 Nc7+ 52. Kc4 Bf8 53.
Bc3 Ne6 54. Be5 Nd8 55. Bd5 Ne6 56. Bb7 Nc5 57. Bf3 Ne6 58. Kd5 Bb4 59. Bd1 Bxa5
60. Bd6 Ng7 61. Ba4+ Kd8 62. Be5 Ne8 63. Ke6 Bc7 64. Bd4 1-0

[Event "TCh-FRA Top 12 2015"]
[Site "Montpellier FRA"]
[Date "2015.06.03"]
[Round "5.1"]
[Board "8"]
[White "Vitoux, Colomban"]
[Black "Congiu, Mathilde"]
[Result "1/2-1/2"]
[WhiteTitle "IM"]
[BlackTitle "WIM"]
[WhiteElo "2391"]
[BlackElo "2259"]
[WhiteTeam "C.E. STRASBOURG"]
[BlackTeam "C-E BOIS-COLOMBES"]
[WhiteFideId "628549"]
[BlackFideId "634581"]
[EventDate "2015.05.30"]

1. c4 Nf6 2. Nc3 g6 3. e4 d6 4. g3 c5 5. Bg2 Bg7 6. Nge2 Nc6 7. O-O O-O 8. d3
Bg4 9. f3 Bd7 10. a3 a6 11. Rb1 Rb8 12. b4 cxb4 13. axb4 Qb6+ 14. Kh1 Nxb4 15.
Na2 a5 16. Bd2 Qc7 17. Nxb4 axb4 18. Bxb4 b5 19. c5 dxc5 20. Rc1 c4 21. dxc4
Rfc8 22. Bxe7 Ne8 23. cxb5 Qb7 24. Rxc8 Rxc8 25. Re1 Bxb5 26. Bg5 Qa7 27. Qd2
Qa4 28. Rc1 Rxc1+ 29. Nxc1 Bc3 30. Qf2 Qd1+ 31. Qg1 Qc2 32. Be3 Nd6 33. Bf1 Bxf1
34. Qxf1 Nxe4 35. Qc4 Nf2+ 36. Bxf2 Qxc1+ 37. Kg2 Qd2 38. h4 h5 39. Qc5 Bf6 40.
Qe3 1/2-1/2

[Event "TCh-FRA Top 12 2015"]
[Site "Montpellier FRA"]
[Date "2015.06.03"]
[Round "5.2"]
[Board "1"]
[White "Feller, Sebastien"]
[Black "Riazantsev, Alexander"]
[Result "1/2-1/2"]
[WhiteTitle "GM"]
[BlackTitle "GM"]
[WhiteElo "2626"]
[BlackElo "2671"]
[WhiteTeam "EVRY GRAND ROQUE"]
[BlackTeam "METZ FISCHER"]
[WhiteFideId "634654"]
[BlackFideId "4125029"]
[EventDate "2015.05.30"]

1. d4 e6 2. c4 f5 3. g3 Nf6 4. Bg2 d5 5. Nf3 Bd6 6. O-O O-O 7. b3 Ne4 8. Bb2 Nd7
9. e3 b6 10. Nc3 Bb7 11. Rc1 a6 12. Ne2 Qe7 13. Nf4 g5 14. Nd3 g4 15. Nh4 c6 16.
Ne5 Ng5 17. Nxd7 Qxd7 18. c5 Be7 19. cxb6 Qd8 20. f3 gxf3 21. Nxf3 Nf7 22. g4
fxg4 23. Ne5 Nxe5 24. Rxf8+ Bxf8 25. dxe5 Qg5 26. e4 Re8 27. exd5 exd5 28. Qd4
Bg7 29. Re1 h5 30. Qd3 Bxe5 31. Bxe5 Rxe5 32. Rxe5 Qxe5 33. Qg6+ Kf8 34. Qh6+
Ke8 35. Qg6+ Kf8 36. Qh6+ Ke8 37. Qg6+ Kf8 1/2-1/2

[Event "TCh-FRA Top 12 2015"]
[Site "Montpellier FRA"]
[Date "2015.06.03"]
[Round "5.2"]
[Board "2"]
[White "Postny, Evgeny"]
[Black "Fedorchuk, Sergey A."]
[Result "0-1"]
[WhiteTitle "GM"]
[BlackTitle "GM"]
[WhiteElo "2630"]
[BlackElo "2657"]
[WhiteTeam "METZ FISCHER"]
[BlackTeam "EVRY GRAND ROQUE"]
[WhiteFideId "2804344"]
[BlackFideId "14102536"]
[EventDate "2015.05.30"]

1. d4 Nf6 2. c4 e6 3. Nf3 b6 4. g3 Bb7 5. Bg2 Be7 6. O-O O-O 7. Re1 Na6 8. Ne5
Bxg2 9. Kxg2 c5 10. d5 Qc7 11. Nf3 exd5 12. cxd5 b5 13. e4 d6 14. a4 bxa4 15.
Rxa4 Nb4 16. Nc3 Qb7 17. Bf4 Rfe8 18. Re2 Bf8 19. Ra1 Nd7 20. Qd2 a5 21. Rd1 Nb6
22. h4 a4 23. h5 a3 24. bxa3 Rxa3 25. h6 g6 26. e5 Rxc3 27. Qxc3 N6xd5 28. Qc4
Nxf4+ 29. Qxf4 d5 30. Kg1 d4 31. Nd2 Nd3 32. Qe4 Qa6 33. Nf3 Nb4 34. Kg2 f5 0-1

[Event "TCh-FRA Top 12 2015"]
[Site "Montpellier FRA"]
[Date "2015.06.03"]
[Round "5.2"]
[Board "3"]
[White "Moussard, Jules"]
[Black "Wirig, Anthony"]
[Result "1/2-1/2"]
[WhiteTitle "IM"]
[BlackTitle "GM"]
[WhiteElo "2444"]
[BlackElo "2496"]
[WhiteTeam "EVRY GRAND ROQUE"]
[BlackTeam "METZ FISCHER"]
[WhiteFideId "642908"]
[BlackFideId "615013"]
[EventDate "2015.05.30"]

1. e4 e6 2. d4 d5 3. Nc3 Nc6 4. e5 a6 5. Nf3 f6 6. Bd3 Nh6 7. Bxh6 gxh6 8. Qe2
Bg7 9. exf6 Bxf6 10. Ne5 Bxe5 11. dxe5 Qg5 12. O-O Nd4 1/2-1/2